|
|
|
|
| LEADER |
01818nam a2200409 i 4500 |
| 001 |
EBC6420690 |
| 003 |
MiAaPQ |
| 005 |
20230307202924.0 |
| 006 |
m o d | |
| 007 |
cr cnu|||||||| |
| 008 |
230307s2020 ne a o 000 0 eng d |
| 020 |
|
|
|z 9789462654181
|q (print)
|
| 020 |
|
|
|a 9789462654198
|q (electronic bk.)
|
| 035 |
|
|
|a (MiAaPQ)EBC6420690
|
| 035 |
|
|
|a (Au-PeEL)EBL6420690
|
| 035 |
|
|
|a (OCoLC)1228877617
|
| 040 |
|
|
|a MiAaPQ
|b eng
|e rda
|e pn
|c MiAaPQ
|d MiAaPQ
|
| 050 |
|
4 |
|a U162.6
|b .N537 2020
|
| 082 |
0 |
|
|a 355.0217
|2 23
|
| 245 |
0 |
0 |
|a NL ARMS Netherlands annual review of military studies 2020 :
|b deterrence in the 21st century - insights from theory and practice /
|c edited by Frans Osinga and Tim Sweijs.
|
| 264 |
|
1 |
|a Breda, The Netherlands :
|b T.M.C. Asser Press,
|c [2020]
|
| 264 |
|
4 |
|c Ã2020
|
| 300 |
|
|
|a 1 online resource (538 pages) :
|b illustrations
|
| 336 |
|
|
|a text
|b txt
|2 rdacontent
|
| 337 |
|
|
|a computer
|b c
|2 rdamedia
|
| 338 |
|
|
|a online resource
|b cr
|2 rdacarrier
|
| 588 |
|
|
|a Description based on print version record.
|
| 590 |
|
|
|a Electronic reproduction. Ann Arbor, MI : ProQuest, 2018. Available via World Wide Web. Access may be limited to ProQuest affiliated libraries.
|
| 650 |
|
0 |
|a Security, International.
|
| 650 |
|
0 |
|a International law.
|
| 650 |
|
0 |
|a Political science.
|
| 655 |
|
4 |
|a Electronic books.
|
| 700 |
1 |
|
|a Sweijs, Tim,
|d 1981-
|e editor.
|
| 700 |
1 |
|
|a Osinga, Frans P. B.,
|e editor.
|
| 776 |
0 |
8 |
|i Print version:
|t NL ARMS Netherlands annual review of military studies 2020 : deterrence in the 21st century - insights from theory and practice.
|d Breda, The Netherlands : T.M.C. Asser Press, c2020
|h 538 pages
|z 9789462654181
|
| 797 |
2 |
|
|a ProQuest (Firm)
|
| 856 |
4 |
0 |
|u https://ebookcentral.proquest.com/lib/matrademy/detail.action?docID=6420690
|z Click to View
|